Statistics for Countries Closest to Syria - 15 Second Sprint

Click here to take the quiz!

General Stats

  • This quiz has been taken 27 times
  • The average score is 6 of 20

Answer Stats

kmcountrymiles% Correct
0Lebanon0
77%
0Israel0
73%
0Turkey0
73%
0Jordan0
64%
0Iraq0
59%
181Iran113
45%
91Saudi Arabia57
36%
215Egypt134
32%
103Cyprus64
27%
335Armenia208
18%
44Palestine27
18%
437Georgia272
14%
761Kuwait473
14%
331Azerbaijan205
5%
555Greece345
5%
582Russia361
5%
1003Kazakhstan623
0%
1007Libya626
0%
1148Sudan714
0%
956Turkmenistan594
0%

Score Distribution

Percentile by Number Answered

Percent of People with Each Score

Your Score History

You have not taken this quiz